000 00312pab a2200145 454500
008 180718b xxu||||| |||| 00| 0 eng d
100 _aDutta, P.K.
245 _aCorruption in police
300 _ap.59-65.
650 _aPolice
650 _aCorruption
773 _aCBI Bulletin
908 _aN
909 _a85022
999 _c85022
_d85022